Flight : (Record no. 786)

MARC details
000 -LEADER
fixed length control field 01217pam a2200385 i 4500
005 - DATE AND TIME OF LATEST TRANSACTION
control field 20260322212034.0
008 - FIXED-LENGTH DATA ELEMENTS--GENERAL INFORMATION
fixed length control field data
010 ## - LIBRARY OF CONGRESS CONTROL NUMBER
LC control number 79009462
020 ## - INTERNATIONAL STANDARD BOOK NUMBER
International Standard Book Number 0394842723
020 ## - INTERNATIONAL STANDARD BOOK NUMBER
International Standard Book Number 0394942728 (lib. bdg.)
020 ## - INTERNATIONAL STANDARD BOOK NUMBER
International Standard Book Number 0394850424 (pbk.)
020 ## - INTERNATIONAL STANDARD BOOK NUMBER
Canceled/invalid ISBN 0394842728 (lib. bdg.)
020 ## - INTERNATIONAL STANDARD BOOK NUMBER
International Standard Book Number 9780394842721
020 ## - INTERNATIONAL STANDARD BOOK NUMBER
International Standard Book Number 9780394850429 (pbk.)
020 ## - INTERNATIONAL STANDARD BOOK NUMBER
International Standard Book Number 9780394942728 (lib. bdg.)
040 ## - CATALOGING SOURCE
Original cataloging agency DLC
Transcribing agency DLC
Modifying agency DLC
042 ## - AUTHENTICATION CODE
Authentication code lcac
050 00 - LIBRARY OF CONGRESS CALL NUMBER
Classification number TL547
Item number .Z68 1981
082 00 - DEWEY DECIMAL CLASSIFICATION NUMBER
Classification number 629.13/009
092 ## - LOCALLY ASSIGNED DEWEY CALL NUMBER (OCLC)
Classification number 629.13 Z68 1981
001 - CONTROL NUMBER
control field data
100 1# - MAIN ENTRY--PERSONAL NAME
Personal name Zisfein, Melvin B.
245 10 - TITLE STATEMENT
Title Flight :
Remainder of title a panorama of aviation /
Statement of responsibility, etc. Melvin B. Zisfein & Robert Andrew Parker.
250 ## - EDITION STATEMENT
Edition statement 1st ed.
260 ## - PUBLICATION, DISTRIBUTION, ETC.
Place of publication, distribution, etc. [New York] :
Name of publisher, distributor, etc. Pantheon Books,
Date of publication, distribution, etc. c1981.
300 ## - PHYSICAL DESCRIPTION
Extent vii, 119 p. :
Other physical details col. ill. ;
Dimensions 31 cm.
500 ## - GENERAL NOTE
General note Includes index.
504 ## - BIBLIOGRAPHY, ETC. NOTE
Bibliography, etc. note Bibliography: p. 114.
520 ## - SUMMARY, ETC.
Summary, etc. An illustrated history of flight from early theories to the present time.
650 #0 - SUBJECT ADDED ENTRY--TOPICAL TERM
Topical term or geographic name entry element Aeronautics
General subdivision Juvenile literature.
-- Juvenile literature.
650 #1 - SUBJECT ADDED ENTRY--TOPICAL TERM
Topical term or geographic name entry element Aeronautics
General subdivision History.
700 1# - ADDED ENTRY--PERSONAL NAME
Personal name Parker, Robert Andrew.
906 ## - LOCAL DATA ELEMENT F, LDF (RLIN)
a 7
b cbc
c orignew
d 1
e ocip
f 19
g y-gencatlg
991 ## -
-- c-GenColl
-- TL547
-- .Z68 1981
-- Copy 1
-- BOOKS
Holdings
Withdrawn status Lost status Damaged status Not for loan Home library Current library Shelving location Date acquired Total checkouts Full call number Barcode Date last seen Price effective from Koha item type
        Centerville Centerville General stacks 22/03/2026   629.13/009 BC0010808 22/03/2026 22/03/2026 Books